000 00495nam a2200121Ia 4500
008 220620s9999||||xx |||||||||||||| ||und||
100 _aBurkhardt, Todd
245 0 _aJust War and Human Rights
_bFighting with Right Intention
546 _aEnglish[eng]
650 _aPolitical Science||International Relations
856 _uhttps://library.oapen.org/bitstream/20.500.12657/53489/1/external_content.epub||https://library.oapen.org/bitstream/20.500.12657/53489/1/external_content.epub
942 _cEB
999 _c24112
_d24112